Ivorian players in European Big Five (2000-) - Statistics

General Stats
  • This quiz has been taken 32 times
  • The average score is 43 of 181
Answer Stats
Ranking Player Positions Nationality Matches Goals (assists) Periods Clubs % Correct
3 Didier Drogba FW 334 143 (66) 2001-2011, 2014-2015
100%
2 Kolo Touré DF 353 12 (10) 2002-2016
100%
5 Yaya Touré MF 331 68 (42) 2006-2018
100%
137 Bazoumana Touré MF, FW 13 0 (3) 2024-2025
97%
161 Ben Hamed Touré FW 4 0 (0) 2022-2023
97%
82 Thomas Touré MF, FW 61 4 (6) 2013-2018
97%
180 Venn Toure MF 1 0 (0) 2004-2005
97%
51 Bonaventure Kalou MF, FW 121 30 (14) 2003-2008
86%
1 Salomon Kalou MF, FW 374 114 (43) 2006-2020
86%
4 Gervinho MF, FW 331 85 (50) 2007-2015, 2018-2021
83%
95 Georges Ba FW 48 7 (2) 2003-2004, 2005-2007
76%
6 Wilfried Zaha MF, FW 309 68 (28) 2013-2022, 2024-2025
76%
18 Franck Kessié DF, MF 232 42 (12) 2016-2023
72%
7 Serge Aurier DF, MF 293 16 (34) 2009-2024
69%
40 Eric Bailly DF 149 1 (0) 2014-2025
66%
17 Nicolas Pépé MF, FW 233 63 (31) 2016-2022, 2024-2025
66%
124 Bénie Traoré MF, FW 22 0 (1) 2023-2024
62%
113 David Datro Fofana MF, FW 30 5 (1) 2022-2024
62%
160 Chaka Traorè DF, FW 5 1 (0) 2020-2021, 2023-2024
59%
27 Hamed Junior Traorè MF, FW 185 28 (12) 2018-2025
59%
9 Ismaël Traoré DF 265 17 (7) 2012-2013, 2015-2021, 2023-2024
59%
74 Kandia Traoré FW 86 8 (6) 2007-2008, 2010-2012
59%
90 Lacina Traoré FW 52 6 (4) 2013-2018
59%
141 Moryké Fofana MF, FW 13 0 (0) 2015-2017
59%
11 Seko Fofana MF 263 32 (24) 2015-2022, 2024-2025
59%
98 Yahia Fofana GK 44 0 (0) 2022-2023, 2024-2025
59%
34 Arouna Koné FW 163 35 (15) 2007-2017
55%
38 Bakari Koné FW 150 42 (16) 2005-2010
55%
159 Ben Lhassine Kone MF 5 0 (0) 2021-2022, 2024-2025
52%
129 Koro Koné MF, FW 16 2 (0) 2011-2012
52%
19 Lamine Koné DF 231 12 (5) 2010-2016, 2018-2021
52%
146 Mamadou Koné FW 11 0 (0) 2011-2012, 2016-2017
52%
167 Mory Koné DF 3 0 (1) 2015-2016
52%
152 Moussa Koné MF 8 1 (1) 2013-2014
52%
41 Sébastien Haller FW 149 43 (18) 2017-2020, 2022-2025
52%
170 Ibrahim Cissé DF 2 0 (0) 2019-2020
48%
15 Jeremie Boga MF, FW 239 31 (21) 2015-2025
48%
26 Obite N'Dicka DF 197 10 (11) 2018-2025
48%
46 Cheick Tioté MF 138 1 (6) 2010-2016
45%
24 Didier Zokora MF 203 0 (3) 2004-2011
45%
108 Seydou Doumbia FW 33 4 (0) 2014-2015, 2018-2019
45%
100 Amad Diallo MF, FW 42 10 (8) 2019-2020, 2023-2025
41%
48 Emmanuel Eboué DF, MF 132 4 (14) 2004-2011
41%
123 Idrissa Doumbia MF 23 0 (0) 2020-2021
41%
116 Ismael Diallo DF 28 0 (0) 2022-2023
41%
14 Maxwel Cornet DF, MF, FW 240 43 (24) 2014-2025
41%
72 Souleyman Doumbia DF, FW 91 0 (3) 2018-2023
41%
23 Max Gradel MF, FW 212 54 (23) 2011-2020
38%
32 Willy Boly DF 167 9 (4) 2010-2011, 2018-2025
38%
54 Abdul Kader Keïta MF, FW 115 20 (11) 2005-2009
34%
71 Odilon Kossounou DF 91 1 (2) 2021-2025
34%
114 Sol Bamba DF 30 4 (1) 2004-2005, 2014-2015, 2018-2019
34%
55 Wilfried Bony FW 115 35 (10) 2013-2018
34%
35 Abdoulaye Bamba DF 153 0 (5) 2011-2012, 2016-2022, 2024-2025
31%
60 Ibrahim Sangaré MF 108 2 (7) 2016-2019, 2023-2025
31%
155 Ibrahim Sissoko FW 6 0 (0) 2011-2012, 2013-2014
31%
119 Idrissa Keita MF 24 0 (2) 2000-2001
31%
10 Jonathan Bamba MF, FW 264 41 (38) 2014-2025
31%
131 Mohamed Bamba FW 16 8 (3) 2023-2024
31%
172 Mohamed Bamba MF 2 0 (0) 2024-2025
31%
106 Serey Die MF 36 1 (4) 2014-2016
31%
92 Serge Dié MF 52 2 (0) 2002-2005
31%
47 Didier Ya Konan MF, FW 132 40 (13) 2009-2015
24%
16 Guy Demel DF, MF 234 3 (9) 2002-2010, 2012-2015
24%
105 Jean-Louis Akpa Akpro FW 37 4 (0) 2004-2007
24%
42 Jean Seri MF 147 13 (23) 2015-2018, 2020-2021
24%
28 Siaka Tiéné DF 179 9 (8) 2005-2006, 2007-2015
24%
84 Simon Adingra MF, FW 60 8 (3) 2023-2025
24%
39 Wilfried Singo DF 150 9 (10) 2019-2025
24%
12 Arthur Boka DF 252 5 (13) 2004-2016
21%
44 Jean-Philippe Gbamin DF, MF 139 3 (4) 2014-2015, 2016-2021, 2024-2025
21%
20 Abdoulaye Méïté DF 225 2 (2) 2000-2008, 2010-2012
17%
49 Boubacar Sanogo FW 130 27 (9) 2005-2011
17%
125 Drissa Camara MF, FW 22 0 (0) 2020-2021, 2024-2025
17%
85 Guela Doué DF 58 1 (4) 2022-2025
17%
31 Hassane Kamara DF, FW 172 7 (6) 2015-2016, 2018-2021, 2023-2025
17%
68 Ismaël Diomandé DF, MF 93 1 (2) 2011-2019
17%
21 Koffi Djidji DF 221 3 (0) 2013-2024
17%
154 Mathis Bolly MF, FW 7 2 (0) 2012-2013
17%
67 Sinaly Diomande DF 95 3 (2) 2020-2025
17%
168 Siriki Sanogo MF 3 0 (0) 2017-2018, 2020-2021
17%
148 Yan Diomandé MF, FW 10 2 (1) 2024-2025
17%
59 Aruna Dindane FW 109 33 (10) 2005-2007, 2009-2010
14%
57 Axel Cédric Konan FW 112 20 (7) 2000-2001, 2003-2006, 2008-2009
14%
96 Bamo Meïté DF 45 1 (0) 2022-2025
14%
33 Christian Kouamé MF, FW 166 18 (15) 2018-2020, 2022-2025
14%
110 Clément Akpa DF 31 0 (1) 2024-2025
14%
66 Ghislain Konan DF, MF 95 3 (6) 2018-2022
14%
43 Giovanni Sio MF, FW 144 35 (14) 2011-2019
14%
29 Ibrahima Bakayoko FW 176 31 (10) 2000-2007
14%
64 Kafoumba Coulibaly MF 103 3 (6) 2008-2013
14%
166 Lasso Coulibaly MF, FW 3 1 (0) 2024-2025
14%
8 Romaric MF 270 17 (24) 2005-2015
14%
77 Steve Gohouri DF 71 4 (1) 2006-2007, 2008-2012
14%
181 Yakou Méïte MF, FW 1 0 (0) 2015-2016
14%
158 Abdul Razak MF 5 0 (0) 2010-2013
10%
50 Blaise Kouassi DF 128 1 (1) 2000-2003, 2005-2007
10%
25 Emerse Faé MF 203 17 (6) 2003-2012
10%
52 Evann Guessand MF, FW 120 22 (12) 2020-2025
10%
143 Ismael Konate MF, FW 12 0 (1) 2024-2025
10%
22 Jean-Daniel Akpa-Akpro DF, MF, FW 220 6 (11) 2011-2016, 2020-2025
10%
128 Siriki Dembélé MF, FW 18 0 (0) 2022-2023
10%
99 Abakar Sylla DF 43 3 (0) 2023-2025
7%
144 Assane Gnoukouri MF 11 0 (0) 2014-2017
7%
69 Constant Djakpa DF 92 0 (3) 2008-2010, 2012-2016
7%
58 Cyril Domoraud DF 112 5 (3) 2000-2004
7%
56 Dagui Bakari FW 113 20 (4) 2000-2006
7%
70 Emmanuel Agbadou DF 91 2 (4) 2022-2025
7%
30 Jean-Eudes Aholou MF 173 14 (6) 2017-2022, 2024-2025
7%
120 Jean-Jacques Domoraud DF 24 0 (1) 2001-2004
7%
126 Jean-Philippe Krasso FW 22 1 (1) 2020-2022
7%
93 Lago Junior MF, FW 51 4 (0) 2008-2009, 2019-2020, 2021-2023
7%
91 Lassina Diabaté DF, MF 52 0 (1) 2000-2001, 2003-2004
7%
157 N'Guessan Kouadio MF, FW 6 0 (0) 2023-2024
7%
89 Oumar Diakité FW 54 9 (2) 2023-2025
7%
147 Philippe Koffi FW 10 1 (0) 2021-2022
7%
136 Zié Diabaté DF 14 0 (1) 2011-2012
7%
36 Benjamin Angoua DF 152 4 (0) 2009-2017
3%
45 Brice Dja Djédjé DF, MF 138 4 (8) 2011-2016
3%
115 Cédric Kipré DF 28 0 (1) 2024-2025
3%
103 Christopher Operi DF, FW 41 3 (6) 2023-2025
3%
97 Élie Kroupi FW 44 11 (3) 2001-2002, 2005-2006
3%
80 Éric Tié Bi MF 64 0 (0) 2011-2014
3%
73 Franck Dja Djédjé MF, FW 86 9 (1) 2003-2004, 2005-2006, 2008-2009, 2010-2013
3%
83 Gilles Yapi Yapo MF 60 3 (10) 2003-2006
3%
65 Habib Maïga DF, MF 99 5 (5) 2016-2017, 2019-2021, 2023-2024
3%
176 Hervé Guy MF, FW 1 0 (0) 2002-2003
3%
81 Jean-Jacques Gosso DF, MF 61 1 (2) 2008-2011
3%
156 Jonathan Kodjia FW 6 0 (0) 2019-2020
3%
13 Kanga Akalé MF, FW 242 26 (26) 2002-2011
3%
130 Lionel Bah MF 16 1 (0) 2002-2004
3%
76 Marco Zoro DF 73 3 (1) 2004-2007
3%
140 Mory Gbane DF, MF 13 0 (1) 2024-2025
3%
102 Paul Akouokou DF, MF 42 0 (0) 2020-2025
3%
142 Yannick Boli FW 13 0 (1) 2007-2009
3%
53 Yannick Sagbo FW 119 18 (10) 2008-2015
3%
173 Aboubacar Bassinga MF 1 0 (0) 2024-2025
0%
118 Abraham Gneki Guié MF, FW 24 1 (1) 2011-2013
0%
122 Alain Liri FW 23 5 (2) 2002-2003
0%
174 Alassane Sidibe MF 1 0 (0) 2021-2022
0%
63 Amara Diané FW 105 25 (4) 2005-2008
0%
163 Aristide Zossou MF 3 0 (0) 2024-2025
0%
175 Arnaud Kouyo DF 1 0 (0) 2003-2004
0%
151 Bobley Anderson MF 8 0 (1) 2013-2014
0%
134 Cedric Gondo FW 14 1 (0) 2021-2022
0%
61 Cheick Doukouré MF 107 2 (1) 2010-2011, 2013-2014, 2016-2018, 2020-2021
0%
112 Cheick Timite MF, FW 30 1 (1) 2018-2020
0%
153 Chris Bedia MF, FW 7 1 (0) 2023-2024
0%
117 Christian Kouakou MF, FW 25 2 (1) 2015-2016, 2017-2018
0%
37 Christian Manfredini MF 151 8 (6) 2001-2009
0%
109 Dion Moise Sahi MF, FW 32 4 (1) 2020-2021, 2023-2024
0%
149 Edgar Loué DF, MF 9 0 (0) 2005-2006
0%
169 Eloge Zabi DF, MF 2 0 (0) 2024-2025
0%
164 Eugène Dadi FW 3 0 (0) 2000-2001
0%
75 Félix Dja Ettien MF 81 5 (12) 2004-2005, 2006-2008
0%
107 Gérard Gnanhouan GK 35 0 (0) 2001-2005
0%
165 Hamadou Karamoko DF 3 0 (0) 2015-2016
0%
101 Igor Lolo DF 42 2 (2) 2008-2011
0%
86 Issoumaila Dao DF 57 1 (0) 2003-2007
0%
177 Joshua M'Bahia MF 1 0 (0) 2023-2024
0%
171 Junior Ajayi FW 2 0 (0) 2024-2025
0%
79 Junior Tallo FW 65 11 (4) 2011-2012, 2013-2016
0%
138 Koffi Kouao DF 13 0 (2) 2023-2024
0%
145 Konan N'dri MF, FW 11 0 (0) 2024-2025
0%
121 Kouadio-Yves Dabila DF 24 0 (0) 2017-2019
0%
62 Lossémy Karaboué MF 106 4 (8) 2011-2012, 2015-2016
0%
139 Luck Zogbé DF 13 0 (0) 2024-2025
0%
178 Luc Zogbé DF 1 0 (0) 2023-2024
0%
127 Marc-Éric Gueï FW 20 3 (0) 2002-2003
0%
132 Nicolas Esceth-N'Zi MF 15 2 (1) 2001-2002
0%
78 Olivier Tébily DF 70 0 (0) 2002-2006
0%
179 Patrick Ouotro FW 1 0 (0) 2023-2024
0%
111 Roger Assalé MF, FW 31 3 (2) 2019-2021
0%
135 Saliou Lassissi DF 14 1 (0) 2000-2001
0%
133 Serge Ayeli FW 15 1 (0) 2002-2003
0%
150 Serge N'Guessan MF 9 0 (0) 2016-2017
0%
94 Tchiressoua Guel MF 50 7 (3) 2000-2002
0%
104 Thierry Doubai MF 39 4 (1) 2011-2014
0%
162 Trévis Dago MF, FW 4 0 (1) 2023-2024
0%
87 Victorien Angban MF 56 0 (1) 2016-2017, 2019-2021
0%
88 Wilfried Kanga MF, FW 56 4 (0) 2017-2020, 2022-2023
0%
No matching quizzes found
Score Distribution
Percent of People with Each Score
Percentile by Number Answered
Your Score History
You have not taken this quiz